000 00563nam a2200193Ia 4500
005 20250923144945.0
008 008 250917s9999 xx 000 0 eng d
037 _aTextual
040 _aDSWL
_beng
_cDSWL
041 _aeng
_2eng
084 _aYX,Z1.2' N61t, N62;1
_qDSWL
245 0 _aReport of the committee on child care
_cby C.S.W.B
260 _bCentral Social Welfare Board
_c1962
300 _aXVI,447 p.
365 _aINR
_b8.50
925 _g8.50
942 _cTEXL
_hYX,Z1.2' N61t, N62;1
999 _c1445387
_d1445387